Pokémon Generation 9 (#906-#1008) - Statistics

General Stats
  • This quiz has been taken 346 times
  • The average score is 62 of 103
Answer Stats
No. Type Pokemon % Correct
#906 Grass Sprigatito
96%
#909 Fire Fuecoco
93%
#912 Water Quaxly
93%
#908 Grass/Dark Meowscarada
91%
#914 Water/Fighting Quaquaval
86%
#911 Fire/Ghost Skeledirge
86%
#907 Grass Floragato
83%
#910 Fire Crocalor
81%
#921 Electric Pawmi
80%
#915 Normal Lechonk
77%
#1008 Electric/Dragon Miraidon
77%
#922 Electric/Fighting Pawmo
77%
#923 Electric/Fighting Pawmot
77%
#1007 Fighting/Dragon Koraidon
76%
#913 Water Quaxwell
76%
#929 Grass/Normal Smoliv
71%
#916 Normal Oinkologne
70%
#963 Fairy/Steel Tinkaton
70%
#943 Electric/Flying Kilowattrel
69%
#920 Bug/Dark Lokix
69%
#942 Electric/Flying Wattrel
68%
#936 Fighting/Ghost Annihilape
67%
#924 Poison/Ground Clodsire
66%
#919 Bug Nymble
66%
#917 Bug Tarountula
66%
#931 Grass/Normal Arboliva
65%
#939 Fire/Ghost Ceruledge
65%
#984 Ground/Fighting Great Tusk
65%
#992 Fighting/Electric Iron Hands
65%
#1006 Fighting/Fairy Iron Valiant
65%
#985 Fairy/Psychic Scream Tail
65%
#961 Fairy/Steel Tinkatink
65%
#938 Fire/Psychic Armarouge
64%
#998 Dragon/Ice Baxcalibur
64%
#930 Grass/Normal Dolliv
64%
#990 Ground/Steel Iron Treads
64%
#933 Rock Nacli
63%
#999 Ghost Gimmighoul
62%
#969 Steel/Poison Varoom
62%
#982 Water Dondozo
61%
#945 Normal/Psychic Farigiraf
61%
#962 Fairy/Steel Tinkatuff
61%
#966 Flying/Dark Bombirdier
60%
#937 Fire Charcadet
60%
#927 Fairy Fidough
60%
#987 Ghost/Fairy Flutter Mane
60%
#935 Rock Garganacl
60%
#991 Ice/Water Iron Bundle
60%
#994 Fire/Poison Iron Moth
60%
#1005 Dragon/Dark Roaring Moon
60%
#983 Dragon/Water Tatsugiri
60%
#953 Ground/Grass Toedscruel
60%
#952 Ground/Grass Toedscool
59%
#957 Bug Rellor
58%
#970 Steel/Poison Revavroom
58%
#989 Electric/Ground Sandy Shocks
58%
#986 Grass/Dark Brute Bonnet
57%
#934 Rock Naclstack
57%
#956 Grass/Fire Scovillain
57%
#1002 Dark/Ice Chien-Pao
56%
#1004 Dark/Fire Chi-Yu
56%
#949 Poison/Normal Grafaiai
56%
#979 Ice Cetitan
55%
#993 Dark/Flying Iron Jugulis
55%
#980 Dark/Steel Kingambit
55%
#955 Grass Capsakid
54%
#978 Ice Cetoddle
54%
#971 Dragon/Normal Cyclizar
54%
#996 Dragon/Ice Frigibax
54%
#958 Bug/Psychic Rabsca
54%
#988 Bug/Fighting Slither Wing
54%
#964 Water Wiglett
54%
#965 Waters Wugtrio
54%
#941 Electric Bellibolt
53%
#954 Rock Klawf
53%
#950 Grass/Ghost Bramblin
52%
#928 Fairy Dachsbun
52%
#995 Rock/Electric Iron Thorns
52%
#1003 Dark/Ground Ting-Lu
52%
#1001 Dark/Grass Wo-Chien
52%
#967 Water Finizen
51%
#977 Flying/Fighting Flamigo
51%
#947 Dark Mabosstiff
51%
#948 Poison/Normal Shroodle
51%
#951 Grass/Ghost Brambleghast
50%
#944 Normal Dudunsparce
49%
#974 Rock/Poison Glimmora
49%
#960 Psychic Espathra
48%
#940 Electric Tadbulb
48%
#972 Steel Orthworm
47%
#981 Water/Psychic Veluza
47%
#926 Normal Maushold
46%
#932 Normal/Flying Squawkabilly
46%
#959 Psychic Flittle
45%
#975 Ghost Greavard
45%
#976 Ghost Houndstone
44%
#925 Normal Tandemaus
44%
#946 Dark Maschiff
42%
#997 Dragon/Ice Arctibax
36%
#1000 Ghost/Steel Gholdengo
36%
#918 Bug Spidops
30%
#973 Rock/Poison Glimmet
25%
#968 Water Palafin
20%
No matching quizzes found
Score Distribution
Percent of People with Each Score
Percentile by Number Answered
Your Score History
You have not taken this quiz